And are we yet alive? : (Record no. 1850)
[ view plain ]
| 000 -LEADER | |
|---|---|
| fixed length control field | 00675cam a2200229 a 4500 |
| 001 - CONTROL NUMBER | |
| control field | 0000001913 |
| 003 - CONTROL NUMBER IDENTIFIER | |
| control field | OSt |
| 005 - DATE AND TIME OF LATEST TRANSACTION | |
| control field | 20140825163958.0 |
| 008 - FIXED-LENGTH DATA ELEMENTS--GENERAL INFORMATION | |
| fixed length control field | 860314s1986 tnua 00010 eng |
| 020 ## - INTERNATIONAL STANDARD BOOK NUMBER | |
| International Standard Book Number | 0687013801 (alk. paper) |
| 035 ## - SYSTEM CONTROL NUMBER | |
| System control number | 86003493 //r87 |
| 040 ## - CATALOGING SOURCE | |
| Original cataloging agency | PUL |
| Transcribing agency | PUL |
| 050 ## - LIBRARY OF CONGRESS CALL NUMBER | |
| Classification number | BX8382.2 |
| Item number | .W55 1986 |
| 100 10 - MAIN ENTRY--PERSONAL NAME | |
| Personal name | Wilke, Richard B., |
| Dates associated with a name | 1930- |
| 245 10 - TITLE STATEMENT | |
| Title | And are we yet alive? : |
| Remainder of title | the future of the United Methodist Church / |
| Statement of responsibility, etc | Richard B. Wilke. |
| 260 0# - PUBLICATION, DISTRIBUTION, ETC. (IMPRINT) | |
| Place of publication, distribution, etc | Nashville : |
| Name of publisher, distributor, etc | Abingdon Press, |
| Date of publication, distribution, etc | c1986. |
| 300 ## - PHYSICAL DESCRIPTION | |
| Extent | 124 p. : |
| Other physical details | ill. ; |
| Dimensions | 23 cm. |
| 610 20 - SUBJECT ADDED ENTRY--CORPORATE NAME | |
| Corporate name or jurisdiction name as entry element | United Methodist Church (U.S.) |
| 650 #0 - SUBJECT ADDED ENTRY--TOPICAL TERM | |
| Topical term or geographic name as entry element | Methodist Church. |
| 908 ## - PUT COMMAND PARAMETER (RLIN) | |
| Put command parameter | 050128 |
| 942 ## - ADDED ENTRY ELEMENTS (KOHA) | |
| Source of classification or shelving scheme | Library of Congress Classification |
| Koha item type | General circulation books |
| Withdrawn status | Lost status | Source of classification or shelving scheme | Damaged status | Not for loan | Home library | Current library | Date acquired | Source of acquisition | Total Checkouts | Full call number | Barcode | Date last seen | Price effective from | Koha item type |
|---|---|---|---|---|---|---|---|---|---|---|---|---|---|---|
| Library of Congress Classification | Presbyterian University of East Africa - Main Library | Presbyterian University of East Africa - Main Library | 26/12/2012 | Donation | BX8382.2 .W55 1986 | 020010002114 | 26/12/2012 | 26/12/2012 | General circulation books |
